000 00599nam a22001817a 4500
005 20170628143818.0
008 170628b sp||||| |||| 00| 0 spa d
020 _a8484440346
050 0 4 _aQ175
_bR63 2000
100 1 _aRodríguez Alcázar, F. Javier (Francisco Javier)
245 1 0 _aCiencia, valores y relativismo :
_bUna defensa de la filosofía de la ciencia /
_cF Javier Rodríguez Alcázar
250 _a1a ed.
260 _aGranada, España :
_bComares,
_c2000.
300 _a250 p. ;
_c22 cm.
490 0 _aFilosofía Hoy,
_vNo 12
650 4 _aCiencia
_xFilosofía.
942 _2lcc
_cLIB
999 _c135265
_d135265